Mitchell Tenpenny Charting Songs (Billboard Hot Country) - Statistics

General Stats
  • This quiz has been taken 6 times
    5 since last reset
  • The average score is 4 of 7
Answer Stats
Album Weeks On Peak Artist(s) Song % Correct
Telling All My Secrets 26 Weeks #6 Mitchell Tenpenny Drunk Me
100%
This Is the Heavy 59 Weeks #11 Mitchell Tenpenny Truth About You
100%
This Is the Heavy 26 Weeks #37 Mitchell Tenpenny We Got History
100%
Famous Friends 34 Weeks #16 Chris Young & Mitchell Tenpenny At the End of a Bar
67%
Non-Album Single 11 Weeks #45 Mitchell Tenpenny ft. Seaforth Anything She Says
33%
Midtown Diaries 1 Week #45 Mitchell Tenpenny Bucket List
33%
Telling All My Secrets 12 Weeks #41 Mitchell Tenpenny Alcohol You Later
0%
No matching quizzes found
Score Distribution
Percent of People with Each Score
Percentile by Number Answered
Your Score History
You have not taken this quiz since the last reset